000 00824nam a2200253 a 4500
001 000009784
003 DO-SdBNP
005 20240201120003.0
008 091001s1984 dr a r 000 p spa d
040 _aDO-SdBNP
_bspa
_cBPMSU
082 _aRD861.44
_bC355a, 1984
_222
100 1 _aCastro, Tomás,
_d1959-
245 1 0 _aAmor aquemarropa /
_cTomás Castro.
246 1 4 _aAmor a quema rropa
260 _aSanto Domingo :
_bEditorial Gente,
_c1984
300 _a67 p. ;
_c18 cm.
500 _aIncluye datos biográficos del autor en la solapa de la cubierta.
563 _aDos obras con paginación independiente en encuadernación invertida.
590 _aInventariado, 2024/VM
650 4 _aPoesía dominicana
650 4 _aLiteratura dominicana.
910 _aVMateo V. Control de calidad.BPMSU
942 _2ddc
_cBK
999 _c14552
_d14552